Missing Word: 'D' Novels Quiz Stats

 Plays Quiz Updated Mar 24, 2014

Support Sporcle.
Go Orange.
Score 0/20 Timer 03:00
0 Plays Today
Book Title Answer % Correct
Moby-____Dick
98.5%
Around the World in Eighty ____Days
98.2%
The Hunchback of Notre ____Dame
97.3%
The Girl with the ____ TattooDragon
97.1%
A Midsummer Night's ____Dream
96.5%
The ____ of a Young GirlDiary
95%
Angels and ___Demons
94.7%
Harry Potter and the ____ HallowsDeathly
93%
____ CopperfieldDavid
92.7%
Watership ____Down
91.4%
Book Title Answer % Correct
____ QuixoteDon
89.6%
Nancy ____Drew
87.8%
The Picture of ____ GrayDorian
83.4%
Breaking ___Dawn
80.5%
As I Lay ___Dying
71.5%
Heart of ____ Darkness
61.9%
The Memory Keeper's ____Daughter
54.1%
____ Secrets of the Ya-Ya SisterhoodDivine
53.7%
A ___ HouseDoll's
43.4%
Mrs. ____Dalloway
29.4%

Today's Daily Dose

Word Ladder
ING Words

Get the Picture
Nearest Volcano

From the Vault

Turkish Borders Minefield

by triviauser15

Geography 90s
This quiz taught us that we have no idea what countries border Turkey. What will it teach you?
Remove Ads.
Support Sporcle.
Get the best of Sporcle when you Go Orange. This ad-free experience offers more features, more stats, and more fun while also helping to support Sporcle. Thank you for becoming a member.

Show Comments

Extras

Top Quizzes Today


Score Distribution

Your Account Isn't Verified!

In order to create a playlist on Sporcle, you need to verify the email address you used during registration. Go to your Sporcle Settings to finish the process.

Report this User

Report this user for behavior that violates our Community Guidelines.

Details: